Administración de pequeñas empresas (Registro nro. 29650)
[ vista simple ]
| 000 -CABECERA | |
|---|---|
| Longitud fija campo de control | 01040nam a2200229 a 4500 |
| 003 - • IDENTIFICADOR DELl NÚMERO DE CONTROL | |
| Identificador del número de control | CO-ViMGA |
| 008 - • CÓDIGOS DE INFORMACIÓN DE LONGITUD FIJA | |
| Códigos de información de longitud fija | 141112s2004 ck r 000 u spa d |
| 020 ## - • NÚMERO INTERNACIONAL NORMALIZADO PARA LIBROS | |
| Número Internacional Normalizado para Libros (ISBN) | 9701034619 |
| 040 ## - FUENTE DE LA CATALOGACIÓN | |
| Centro catalogador de origen | CO-ViMGA |
| Lengua de catalogación | spa |
| Centro transcriptor | CO-ViMGA |
| 082 04 - • NÚMERO DE LA CLASIFICACIÓN DECIMAL DEWEY | |
| Número de clasificación (R) | 658. A596a |
| 100 1# - • PUNTO DE ACCESO PRINCIPAL-NOMBRE DE PERSONA | |
| Nombre de persona | Anzola Rojas, Servulo |
| 245 10 - • TITULO PROPIAMENTE DICHO | |
| Título | Administración de pequeñas empresas |
| 250 ## - • MENCIÓN DE EDICIÓN | |
| Mención de edición | 2 |
| 300 ## - • DESCRIPCIÓN FÍSICA | |
| Extensión | 374P |
| 505 ## - • NOTA DE CONTENIDO CON FORMATO | |
| Nota de contenido con formato | La pequeña empresa Latinoaméricana (PELA)1 - - Conceptos básicos de la gestión adminstrativa 67 - - Planeación 81 - - Organización 107 - - Dirección 129 - - Control 147 - - Funciones operativas 165 - - Ventas y mercadotecnia 166 - - Producción 217 - - Recursos humanos 265 - - Modelo integrador 347 |
| 590 ## - NOTAS LOCALES | |
| Nota local | Forma de adquisición : Compra fact.0539 - - Precio : 52000 - - Proveedor : Temas y libros - - Fecha de adquisición : Abril 2006 |
| 650 14 - • PUNTO DE ACCESO ADICIONAL DE MATERIA - TÉRMINO DE MATERIA | |
| Término de materia o nombre geográfico como elemento inicial | MICROEMPRESAS ADMINISTRACION |
| 650 14 - • PUNTO DE ACCESO ADICIONAL DE MATERIA - TÉRMINO DE MATERIA | |
| Término de materia o nombre geográfico como elemento inicial | PEQUEÑA Y MEDIANA EMPRESA - ADMINISTRACION |
| 942 ## - ENTRADA DE ELEMENTOS AGREGADOS (KOHA) | |
| Fuente de clasificaión o esquema | Dewey Decimal Classification |
| Koha [por defecto] tipo de item | LIbro |
| Perdido | Fuente de clasificación o esquema | Estado Físico | No para préstamo | Forma de adquisición | Localización permanente | Localización actual | Fecha adquisición | Serie de enumeración / cronolog&íacute;a | Préstamos totales | Signatura completa | Código de barras | Fecha última consulta | Número de copia | Fecha del precio de reemplazo | Tipo de item de Koha |
|---|---|---|---|---|---|---|---|---|---|---|---|---|---|---|---|
| Dewey Decimal Classification | Sala Especializada Tercer Piso | Biblioteca Pública Germán Arciniegas - Villavicencio | Biblioteca Pública Germán Arciniegas - Villavicencio | 12/04/2015 | Volumen. 1 | 11/jun/2009 | 658. A596a | 20657 | 12/04/2015 | Ej. 1 | 12/04/2015 | LIbro |